Estatísticas para Coreia do Norte

Clique aqui para jogar o quiz

Estatísticas Gerais

  • Esse quiz foi jogado 24 vezes
  • A pontuação média é 7 de 15

Estatísticas das Respostas

HintResposta% Correto
Qual é o seu idioma?Coreano
100%
Qual é a sua capital?Pyongyang
100%
Como se chama a sua moeda?Won norte-coreano
100%
Com quantos países faz fronteira?3
94%
Onde fica?Ásia
94%
Que tipo de calças é proibido de usar no país?Jeans
61%
Como se chama o líder do país?Kim Jong-un
56%
Qual é o seu código ISO?PRK
28%
Qual é o ponto mais alto do país?Montanha Baekdu
17%
O que os coreanos usam para fertelizar as terras?Fezes
6%
Qual é o produto alimentar mais exportado?Frutos do mar
6%
Qual é o rio mais longo do país?Yalu
6%
Como se chama o maior festival de ginástica artística que é realizado no país?Arirang Festival
0%
Como se chama o prato típico do país?Bulgogi
0%
Qual é a bebida mais consumida no país?Chá
0%

Distribuição das Pontuações

Percentil de Números Respondidos

Porcentagem de Pessoas com Cada Pontuação

Sua Pontuação Histórica

Você não jogou esse quiz